Peyton place /

Guardado en:
Autor Principal: Metalious, Gracie.
Otros Autores: Segur Giralt, M. Teresa; trad.
Formato: Libro
Idioma:Undetermined
Publicado: Buenos Aires : Hyspamérica, 1984.
Edición:1a ed.
Series:Grandes éxitos ; 24
Materias:
Etiquetas: Agregar Etiqueta
Sin Etiquetas, Sea el primero en etiquetar este registro!
LEADER 00624nam a22001935a 4500
001 CEM.cems024738
008 250626s1984####ag############000#0#und#d
005 20250626173454.0
245 1 0 |a Peyton place /  |c Gracie Metalious; traducido por M. Teresa Segur Giralt. 
250 |a 1a ed. 
260 |a Buenos Aires :  |b Hyspamérica,  |c 1984. 
300 |a 443 p. 
490 1 |a Grandes éxitos ;  |v 24 
020 |a 9506142335 
100 1 |a Metalious, Gracie. 
700 1 |a Segur Giralt, M. Teresa; trad. 
653 |a Novela estadounidense 
653 |a Literatura estadounidense 
859 |a CEMS  |b BIB. CEMS - 11 de abril  |h 818.5  |i M587  |p 29956.25  |t Ej.1